Capoluoghi della Francia d'oltremare - Statistics

Statistiche generali
  • Questo quiz è stato fatto 3 volte
  • Il punteggio medio è 5 su 11
Statistiche sulle risposte
Statuto Territorio Capoluogo % Corretto
Collettività d'oltremare Polinesia Francese Papeete
100%
Dipartimento e regione d'oltremare Guadalupa Basse-Terre
67%
Dipartimento e regione d'oltremare Guyana Francese Caienna
67%
Collettività sui generis Nuova Caledonia Numea
67%
Dipartimento e regione d'oltremare Martinica Fort-de-France
33%
Collettività d'oltremare Saint-Barthélemy Gustavia
33%
Collettività d'oltremare Saint-Martin Marigot
33%
Collettività d'oltremare Wallis e Futuna Mata-Utu
33%
Dipartimento e regione d'oltremare La Riunione Saint-Denis
33%
Collettività d'oltremare Saint-Pierre e Miquelon Saint-Pierre
33%
Dipartimento e regione d'oltremare Mayotte Mamoudzou
0%
Nessun quiz corrispondente trovato
Distribuzione punteggi
Percentuale di utenti per punteggio
Percentile per numero di risposta
I tuoi punteggi nel tempo
Non hai fatto questo quiz